000 00430nam a22001817a 4500
003 MPLRDC
005 20220104124254.0
008 210129b ||||| |||| 00| 0 eng d
020 _a7-5060-0196-9
082 _a783.17 JLF c.2
100 _a蒋立峰
245 _a日本天皇列传
_c
250 _a一版一刷
260 _a
_b新华书店
_c1991
300 _b
650 _a日本传记
942 _cBK
_o783.17 JLF c.2
999 _c18010
_d18000